| 000 | 00619nam a2200193 i 4500 | ||
|---|---|---|---|
| 001 | 66319 | ||
| 003 | ES-MaACL | ||
| 007 | t| | ||
| 008 | 040203s1954 sp ||||1| spa d | ||
| 100 | 1 |
_aGalindo Herrero, Santiago, _d1920-1977 _953440 |
|
| 245 | 1 | 0 |
_aHistoria de los partidos monárquicos bajo la Segunda República / _cSantiago Galindo Herrero. |
| 260 |
_aMadrid : _b[s.n., _c1954] ( _fEstades) |
||
| 300 |
_a193 p. ; _c25 cm. |
||
| 490 | 1 | _aQuema pero alumbra | |
| 830 | 0 |
_aQuema pero alumbra _9230797 |
|
| 852 |
_aES-MaACL _jC-8716 _bR.36292 |
||
| 852 |
_aES-MaACL _jC-7512 |
||
| 999 |
_c66319 _d66319 |
||